000
00221 a2200097 4500
001
27343
100
_a
Tariq, A.R
245
_a
Secret of collective life
260
_a
_b
Islamic book service
_c
1977
090
_c
18169
_d
18169
942
_a
NUST-CAE
_c
M
_c
9079
999
_c
262416
_d
262416